00391nam a22001337a 4500008004100000040001800041041000800059100002800067245005400095260004600149300001800195490002200213650002200235130821s1911 fr gr fre  aCo-BoUCMbspa00afre aHugo, Victord1802-188500aOdes et ballades. Les orientalescPar Victor Hugo aParís (Francia)bNelson, Editeursc1911 a564 páginas aCollection Nelson04aPoesía francesa